000 00692nam a2200241 i 4500
001 81258
003 ES-MaACL
005 20230906174413.0
007 t|
008 041103s1979 sp ||||1| spa d
020 _a84-7100-082-2
100 1 _aHuebner, Solomon Stephen.
_964526
245 1 3 _aEl seguro de vida /
_cS.S. Huebner, Kenneth Black ; [traducción, Diorki].
260 _aMadrid :
_bMAPFRE,
_c[1979]
300 _aXXXIII, 1288 p. ;
_c22 cm.
490 1 _aTecnos de seguros
500 _aIndice.
700 1 _aKenneth, Black.
_967852
710 2 _aDiorki.
_93392
830 0 _aTecnos de seguros
_9231528
852 _aES-MaACL
_jL-9106
_bR.111032
999 _c81258
_d81258